[Event "Gibraltar Masters 16th"]
[Site "Caleta"]
[Date "2018.01.28"]
[Round "6"]
[White "Paehtz, Elisabeth"]
[Black "Grandelius, Nils"]
[Result "0-1"]
[WhiteElo "2464"]
[BlackElo "2647"]
[Annotator "Mokal,P"]
[PlyCount "94"]
[EventDate "2018.01.23"]
[EventType "swiss"]
[EventRounds "10"]
[EventCountry "GGB"]
[SourceTitle "CBM 183"]
[Source "ChessBase"]
[SourceDate "2018.03.14"]
[SourceVersion "1"]
[SourceVersionDate "2018.03.14"]
[SourceQuality "1"]

1. e4 c6 2. d4 d5 3. Nc3 dxe4 4. Nxe4 Nf6 5. Nxf6+ exf6 6. c3 Bd6 7. Bd3 O-O 8.
Ne2 Re8 9. Qc2 $5 ({The plan of castling short followed by pushing on the
kingside is very attractive and strong. Two important games in this variation
went} 9. O-O Nd7 (9... Qc7 10. Ng3 Be6 11. f4 c5 12. d5 Bd7 13. c4 $16 {
1-0 Khalifman,A (2640)-Seirawan,Y (2595)/Wijk aan Zee 1991}) 10. a4 Nf8 11. Ng3
Be6 12. f4 Qc7 13. f5 Bxg3 14. hxg3 Bd5 15. Qg4 $36 {1-0 Sutovsky,E (2652)
-Asrian,K (2596)/Istanbul 2003}) 9... h5 (9... g6 10. h4 $5 $40) 10. Be3 (10.
O-O f5 (10... g6 11. Bxg6 f5 12. Bxf5 Bxf5 13. Qxf5 Rxe2 14. Qxh5 $132 {
0-1 Bjerre,J (2338)-Rasmussen,A (2547)/Ballerup 2017 (65)}) 11. Re1 g6 12. Bf4
Be6 13. Rad1 a5 14. c4 Na6 {1/2-1/2 Simacek,P (2495)-Kreisl,R (2444)/Vysna
Boca 2017}) 10... Nd7 11. Ng3 $6 {This has been played before but it is
probably a little too early as Black quickly gets to activate his pieces
because of the white king position in the centre.} (11. O-O-O Nf8 (11... a5 $5)
12. Kb1 Be6 13. c4 Rc8 14. Ng3 Bg4 15. Rc1 Bxg3 16. hxg3 $14 {1/2-1/2 Pichot,A
(2571)-Perez Ponsa,F (2594)/Buenos Aires 2017 (43)}) (11. O-O Nf8 12. Rae1 Qc7
13. h3 Be6 14. c4 Qd7 15. Ng3 $14 {1/2-1/2 Mammadzada,G (2393)-Houska,J (2393)/
Heraklio 2017 (68)}) 11... Nb6 12. O-O-O ({The pawn cannot really be taken:} 
12. Nxh5 $6 Nd5 13. O-O (13. O-O-O Bg4 14. Be2 Bxe2 15. Qxe2 g6 16. Ng3 f5 $17)
(13. Qd2 Bg4 14. Ng3 f5 $19) 13... Bg4 14. Ng3 Nxe3 15. fxe3 Bxg3 16. hxg3 Rxe3
$15) (12. O-O $5 h4 13. Ne4 {is playable.}) 12... h4 $146 ({A previous game
went} 12... Nd5 $5 13. Bd2 Nf4 14. Bxf4 Bxf4+ 15. Kb1 Qa5 16. Bh7+ Kf8 17. Bf5
Bxf5 18. Nxf5 g6 19. Nh4 Re6 20. Qb3 $5 Re2 21. Rhf1 Rae8 $15 {0-1 Abdumalik,Z
(2420)-Lenderman,A (2587)/Saint Louis 2017 (89)}) 13. Ne4 (13. Nf5 Bxf5 14.
Bxf5 Nc4 {[%cal Gc4e3]} 15. Rde1 Qc7 (15... c5) 16. g3 Nxe3 17. fxe3 g6 18. Bd3
hxg3 19. hxg3 Kg7 $13 {[%cal Ge8h8]}) 13... Nd5 14. Rde1 {The opening has
resulted in a pretty uninspiring position for White, and it looks like Black
has quite a few practical chances to take over the initiative.} (14. Nxd6 $5
Qxd6 (14... Nxe3 15. Nxf7 $16) 15. Rde1 Be6 16. g3 h3 $132) 14... Nf4 15. Bxf4
Bxf4+ 16. Kb1 f5 $1 17. Nc5 (17. Nd2 Be6 $15 {[%cal Gd8d5]}) 17... b6 {The
black pawns along with the double bishops slowly start taking away important
squares from the white pieces.} 18. Rxe8+ Qxe8 19. Nb3 Qe6 (19... g6 $5 20. g3
Bg5 $15 (20... hxg3 21. hxg3 {[%cal Gh1h8]})) 20. g3 Bd6 21. Qd1 (21. Nd2 b5
22. Nf3 Qd5 $36) 21... Bd7 22. Re1 Qf6 23. Qf3 Rd8 ({Another possibility was} 
23... a5 {but White wanted to play} 24. Nd2 {anyway} (24. d5 c5 $15) (24. Bb5
Rc8 $15) 24... b5 $2 25. Bxb5) 24. gxh4 {A tough decision in a difficult
position.} ({The alternatives do not bring respite either} 24. Nd2 b5 (24... c5
25. Nb3 (25. d5 b5 $15)) 25. Nb3 b4 $36) 24... Qxh4 $15 25. Nd2 (25. Bxf5 Qf6
$1 (25... Bxf5+ 26. Qxf5 Qxh2 $11) 26. Be4 Qxf3 27. Bxf3 Bxh2 $15) 25... Qf4 {
With the combination of rook and double bishops and the better pawn structure,
Black aims for a comfortable endgame.} (25... Bf4 $5 26. Nc4 g6 $15) 26. Qxf4 (
26. Kc2 Qxf3 (26... g6 $15) 27. Nxf3 g6 $15) 26... Bxf4 27. Nf3 g6 28. Bc4 Re8
29. Ne5 (29. Rxe8+ Bxe8 $15) 29... Kg7 30. Re2 Bxe5 31. Rxe5 (31. dxe5 g5 $17 (
31... Rh8 {[%csl Rh2]} 32. f4 Rh4 33. Rf2 Be6)) 31... Rxe5 32. dxe5 Be6 $17 {
Black has fewer pawn islands and a very well placed king which has a clear
path of entry, whereas White has weak pawns on e5 and h2. Victory for Black
looks well within sight.} 33. Be2 (33. Bxe6 fxe6 $17 {[%cal Gg7h6,Gh6h5,Gh5h4,
Gh4h3]}) 33... g5 {[%csl Re5]} 34. Kc2 Kg6 $5 (34... Bxa2 $2 35. b3) ({It was
more accurate to play} 34... f4) 35. b4 ({White could have provided more
resistance with} 35. f4 {although after} Bd5 (35... g4 36. Bf1 Kh5 37. b3 Kh4
38. Kd2 g3 39. hxg3+ Kxg3 40. Ke3 $11) (35... gxf4 36. Bf3 Kg5 (36... c5 37. b3
Kg5 38. Kd2 Kh4 39. Ke1 Kh3 40. Kf2 Kxh2 $11 41. Be2 Bd5 (41... Kh3 42. Kf3 $11
) 42. c4 Bc6 (42... Be6 43. Kf3 $11) 43. Bh5 Be8 44. e6) 37. Bxc6 Kg4 38. Kd3 (
38. b3 Kh3 39. Kd2 Kxh2 40. Ke2 Kg3 41. c4 f3+ 42. Bxf3 f4 43. Be4 a5 44. Bd5
Bg4+ 45. Kf1 f3 $19) 38... Bxa2 (38... Kh3 39. Ke2 Kxh2 40. Kf3 $11) 39. Ke2
f3+ 40. Bxf3+ Kf4 41. h4 Kxe5 42. Ke3 f4+ 43. Ke2 Bc4+ 44. Kf2 a5 $15) 36. fxg5
Kxg5 37. c4 (37. b3 f4 38. c4 Bg2 $19) 37... Be6 (37... Bg2 38. Kd2 c5 (38...
Kf4 39. Bh5 Kxe5 40. Bxf7 $13)) 38. Kd2 c5 {Black has good practical chances,
for example} 39. Ke3 f4+ 40. Kf2 Kf5 41. h4 Kxe5 42. a3 a5 43. Kf3 Bf5 44. Kf2
Be4 45. Bh5 Bg6 46. Be2 Kd4 47. h5 Be4 48. h6 Ke5 49. Bf3 Bh7 50. Bd5 (50. Bh5
Kf6 51. Kf3 Bg6 52. Bg4 Kg5 $19) 50... Kf6 51. Kf3 Kg6 52. Kxf4 f6 53. Ke3 (53.
Kg4 Kxh6 54. Kh4 f5 $19) 53... Kxh6 $17 54. Kf4 Kh5 55. Be6 Bc2 56. Bg8 Kh4 57.
Be6 Bd3 (57... Bb1 58. Bf5 Ba2 59. Be6) (57... Bb3 58. Kf5) 58. Bf7 (58. Kf3
Kg5 59. Ke3 Bb1 60. Kf3 f5 61. Bd5 Bc2 62. Bc6 f4 63. Bd5 Kf5 64. Bc6 Bd1+ 65.
Kf2 Ke5 $19) 58... Kh3 59. Kf3 Bc2 60. Be6+ (60. Bd5 Kh2 $19) 60... Kh2 $19 61.
Kf2 Bb3 62. Bd5 b5 $19) 35... f4 (35... Bxa2 $6 36. c4 b5 37. cxb5 cxb5 38. Kc3
a6 39. Bf3 $132) 36. Bd3+ (36. Kd3 Bxa2 (36... Kf5 37. Kd4 Bxa2 38. c4 Bb1 (
38... Bb3 39. Bf3 Ba4 40. Bh5 Ke6 41. Bg4+ Ke7) 39. Bf3) 37. c4 Bb1+ (37... c5
38. bxc5 bxc5 39. Kc2 $11) 38. Kd4 a5 (38... Bf5 39. Bf3 Bd7 40. Be4+) 39. bxa5
bxa5 40. Bd1 Kf5 41. Kc5 Bd3 $17) 36... Kh5 $19 {[%csl Rf2,Rh2] It is just a
matter of time before the weak pawns will start falling.} 37. Be4 c5 38. a3 Kg4
39. bxc5 bxc5 40. Bg2 {[%csl Re5]} Bc4 41. h3+ Kf5 42. Kd2 Kxe5 43. Kc2 Kf5 44.
Kd2 Kg6 {[%cal Gg6h5,Gh5h4,Gc4e6]} 45. Bf3 Bf1 46. Kc2 (46. Bg4 f5 $19) 46...
Bxh3 47. Kd3 g4 0-1

[Event "CHN-RUS Summit Men 11th"]
[Site "Qinhuangdao"]
[Date "2018.05.31"]
[Round "4.5"]
[White "Sjugirov, Sanan"]
[Black "Bai, Jinshi"]
[Result "1-0"]
[WhiteElo "2663"]
[BlackElo "2579"]
[Annotator "Sumets,A"]
[PlyCount "55"]
[EventDate "2018.05.27"]
[EventType "team-schev"]
[EventRounds "5"]
[EventCountry "CHN"]
[SourceTitle "CBM 185"]
[Source "ChessBase"]
[SourceDate "2018.07.13"]
[SourceVersion "1"]
[SourceVersionDate "2018.07.13"]
[SourceQuality "1"]
[WhiteTeam "Russia"]
[BlackTeam "China"]
[WhiteTeamCountry "RUS"]
[BlackTeamCountry "CHN"]

1. e4 c6 2. d4 d5 3. Nc3 dxe4 4. Nxe4 Nf6 5. Nxf6+ exf6 6. c3 Bd6 7. Bd3 O-O 8.
Ne2 Re8 9. Qc2 h5 $5 {This is a relatively new continuation, at least P.Negi
doesn't consider this move in his book.} 10. O-O {This move seems to be
illogical. It seems that after 9...h5 White should play h3, g4. Nevertheless,
here the position is a little bit more complicated. Black has 4 pawns on the
kingside and after ...Nd7, ...Nf8 Black's king isn't in danger. Moreover,
after ...Be6, ...Qa5, ...Rc8 and ...b5 Black has some counterplay.} ({For
example} 10. Be3 Nd7 11. O-O-O Nf8 12. Kb1 Be6 13. c4 ({If you want to see
what Black wants in this variation you should examine the following game} 13.
Nf4 Bxf4 14. Bxf4 b5 15. Be4 Bd5 16. Rhe1 Bxe4 17. Rxe4 Ne6 18. Rde1 a5 19. Bc1
a4 {Black has got an excellent position and after} 20. f4 Qd5 $1 21. R4e2 Nc7
22. f5 Qd7 23. Rxe8+ Rxe8 24. Rxe8+ Qxe8 {Abrahamyan,T (2364)-Krush,I (2444)
0-1 (52) Saint Louis 2017 The endgame which has arisen is very unpleasant for
White.}) 13... Rc8 14. h3 (14. Ng3 Bg4 $6 (14... g6 15. Ne4 b5 16. Nc5 bxc4 17.
Bxc4 Bxc4 18. Qxc4 f5 $11) 15. Rc1 Bxg3 16. hxg3 b5 17. Qd2 bxc4 18. Bxc4 (18.
Rxc4 $5 Be6 19. Ra4 $14) 18... Qe7 $6 (18... g6 19. f3 Be6 20. g4 Bxc4 21. Rxc4
Qd5 $11) 19. Ka1 Nd7 20. d5 $6 (20. Bf4 $1 Nb6 21. Bd3 $16) 20... cxd5 21. Bxd5
Nb6 $11 {Pichot,A (2571) -Perez Ponsa,F (2594) 1/2 (43) Buenos Aires ARG 2017})
14... h4 15. Qd2 (15. Nc3 Bb4 16. Ne4 b5 $13) (15. Rdg1 $6 b5 16. c5 Bb8 17.
Nc3 b4 18. Ne4 f5 19. Nd6 Bxd6 20. cxd6 Qxd6 $15 {Saric,I (2669)-Howell,D 
(2676) Riyadh KSA 2017 1/2 (45)}) 15... Ng6 16. Nc3 $6 Bb4 $1 {Black intends
to take control over the light squares by means of ...Bxc3 and ...b5.} 17. a3
Bxc3 18. Qxc3 b5 19. d5 $5 (19. Rhe1 Ne7 20. Ka1 Bxc4 21. Bxc4 bxc4 22. Qxc4
Nd5 $15) 19... cxd5 20. c5 a6 (20... Qd7 $1 21. Bc2 Ne7 22. Rd2 Nc6 $15) 21.
Bc2 Qc7 22. Rhg1 a5 23. g3 hxg3 24. Rxg3 Rb8 $13 {Aryan,C (2509)-Svane,R (2586)
Moscow RUS 2018 1-0 (41)}) (10. h3 Nd7 (10... h4 11. Be3 Nd7 12. O-O (12. O-O-O
$5 Nf8 13. Kb1 Be6 14. c4 Rc8 $1 (14... b5 $2 15. d5 $1 cxd5 16. c5 Rc8 17.
Bxb5 $16) 15. Nc3 Ng6 16. Rhe1 Bb4 $13) 12... Nf8 13. Bf5 $6 {A wrong move,
it's Black, who needs to trade the light-squared bishops.} (13. Rfe1 g5 $5 {
The resulting position is too complicated to evaluate correctly. After ...Bb8,
and ...Qd6 (Qc7) Black's queen will get to h2, White can play Kf1, Ng1.} (13...
Bc7 14. Nf4 Ne6 (14... Qd6 $6 15. c4 $1 {Black has got an unpleasant position})
15. Qd2 Qd6 16. c4 $1 b6 17. b4 g6 18. c5 bxc5 19. bxc5 Qd8 20. Red1 Nxf4 21.
Bxf4 Be6 $11) 14. c4 Bc7 (14... Bb8 $5 15. Kf1 Qd6 16. Ng1 $13) 15. c5 (15. Kf1
Qd6 16. Ng1 $13) 15... Bb8 16. d5 $5 Qxd5 17. Nc3 Qd8 18. Rad1 Qc7 19. Ne4 Rxe4
20. Bxe4 Qh2+ 21. Kf1 Ne6) 13... Bc7 (13... Bxf5 $5 14. Qxf5 Bc7 {White should
be careful. For example} 15. Rfd1 $6 Ng6 16. Nf4 Qd6 17. Nxg6 fxg6 18. Qxg6 Re6
$1 {Black wants to play ...Re8 with a very strong attack. He doesn't need to
hurry with ...Qh2+.}) 14. Bxc8 $6 (14. Rfe1 Qd6 15. Nf4 Bxf5 16. Qxf5 Ne6 $40)
({The computer prefers} 14. Bd3 {but it's not easy to admit your own mistake.})
14... Rxc8 15. Qd2 Qd6 16. f4 Re4 $17 17. Rf3 Rce8 18. Kf2 Nd7 19. c4 f5 20. g4
$4 Nf6 21. g5 Ng4+ {0-1 (21) Bracker,F (2392)-Voigt,M (2346) Germany GER 2018})
11. O-O {I was surprised when Zhansaya played this} Nf8 12. a4 Bc7 (12... Bb8
$5 {Abdumalik} 13. Bd2 (13. Be3 $4 Qd6 14. Bf4 Rxe2 15. Bxd6 Rxc2 16. Bxc2 Bxd6
$19) 13... Qd6 14. f4 $8 f5 {Black's position seems to be good. for example}
15. Rae1 g6 16. Kh1 Ne6 17. Nc1 Bc7 18. Bc4 Ng7 19. Nd3 Be6 $11) 13. Re1 h4 {
At this moment I was satisfied with my position.} 14. Be3 Ne6 $6 {An useless
move.} 15. c4 $1 Qd6 16. Nf4 $1 Rd8 $6 17. c5 Qf8 18. Ne2 $1 {A very strong
move, which I missed.} g6 19. Rad1 (19. Bc4 f5 20. Rad1 $16 {Black is in
trouble.}) 19... Ng7 20. Bc4 Be6 21. b4 Rd7 22. Bxe6 Nxe6 23. Qe4 $6 (23. Qc4
$1 Rad8 24. Nc3 $16) 23... f5 $1 24. Qxh4 Qd8 $1 25. Qh6 $6 (25. Qxd8+ Raxd8
26. Rb1 f4 27. Bd2 Be5 28. dxe5 Rxd2 $44 {Black should make a draw.}) 25... Be5
$11 {Abdumalik,Z (2484)-Sumets, A (2577) 0-1 (69) Llucmajor ESP 2018}) 10... h4
11. h3 (11. Re1 Nd7 12. Bf4 Nf8 (12... Rxe2 $4 13. Qxe2 Bxf4 14. Qe4 $18) 13.
Qd2 Be7 {It is too risky. Black intends to play f5, g5.} ({I would recommend} 
13... h3 14. Bxd6 (14. g3 $6 Bg4 15. Bxd6 Qxd6 16. Nc1 Qd5 17. Bf1 Ne6 $15)
14... Qxd6 15. Qf4 Qd5 16. Qg3 Qxg2+ 17. Qxg2 hxg2 18. Kxg2 $11) 14. h3 $1 g5
15. Bh2 f5 16. f3 (16. Rad1 f4 17. c4 Bf6 18. d5 cxd5 19. cxd5 Bd7 20. Nc3
Rxe1+ 21. Rxe1 Qa5 $13) ({White could have played} 16. Kh1 $5 f4 17. Ng1 Bf6
18. Nf3 Be6 19. Qc2 $14) 16... Bf6 17. Kh1 f4 18. Bg1 Be6 19. c4 Qd7 20. Kh2
Rad8 21. Rad1 $14 {Beerdsen,T (2441)-Svane,R (2579)1-0 (43) Maastricht NED 2018
}) 11... Nd7 12. Bd2 (12. c4 Nf8 13. Be3 Bc7 14. Rad1 {White wants to play d5
and he isn't afraid of ...Qd6.} Qd6 (14... g5 $6 15. c5 Bb8 16. Bc1 Qc7 $6 17.
f4 $16) 15. Bf4 ({I would prefer} 15. Nf4 $5 Bd7 16. c5 Qe7 17. d5 Bxf4 18.
Bxf4 cxd5 19. b4 $44) 15... Rxe2 16. Bxd6 Rxc2 17. Ba3 {White has won an
exchange but after 17...Be6 and ...Bxc4 Black has some compensation.} Be6 $1 (
17... Bf5 $6 18. Bxf5 Re2 19. Bd3 Ree8 20. d5 $16) 18. d5 $5 cxd5 (18... Bf5 $5
19. Bxf5 Rxc4 20. d6 Bb6 21. d7 Rf4 22. Bg4 g6 $13) 19. cxd5 Rxf2 20. Rxf2 Bxd5
21. Bh7+ Kxh7 22. Rxd5 $14 {1/2 (56) Kanmazalp,O (2473)-Motylev,A (2669)
Batumi GEO 2018}) 12... Nf8 13. Rae1 Bc7 $146 (13... Be6 14. Nf4 Bc7 15. Nxe6
Nxe6 16. Bh7+ Kh8 17. Bf5 Qd6 18. f4 Nf8 19. Qb3 Kg8 20. a4 $6 (20. Qxb7 $1
Rxe1 21. Rxe1 Rb8 22. Qxa7 Rxb2 23. Bc1 Rb8 24. Qa6 $16) 20... a6 $11 {
Ostrovskiy,A (2414)-Antal,G (2534)1/2 (34) Charlotte USA 2018} 21. Rxe8 Rxe8
22. Qxb7 Re2 23. Rf2 Rxd2 24. Rxd2 Qxf4 25. Rf2 Qc1+ 26. Rf1 Qe3+ 27. Kh1 Qg3
28. Kg1 Qe3+ 29. Kh1 Qg3 $11) 14. b3 (14. Nf4 Be6 15. Nxe6 Nxe6 {- Ostrovskiy,
A-Antal,G.}) 14... g6 (14... Ne6 $5 {Threatening ...Qd6.} 15. f4 {sooner or
later White should play f4.For example} (15. Bh7+ $6 Kh8 16. Bf5 Qd6 17. Nf4
Bd7 $15) 15... Qd6 16. Rd1 Ng5 $5 17. fxg5 $2 (17. c4 Nxh3+ $5 (17... Bf5 18.
Bxf5 Rxe2 19. Bd3 (19. Qd3 Rae8 20. Bg4 R2e4 21. Bc1 c5 22. dxc5 Qxc5+ 23. Kh1
f5 $11) 19... Rxd2 20. Qxd2 Ne6 21. Kh1 Rd8) 18. gxh3 Bxh3 19. Rf2 Bg4 20. Bc1
Re7 $44) 17... Qh2+ 18. Kf2 Bxh3 19. Rg1 Bg4 $19) 15. Kh1 Qd6 16. Bf4 $5 {
The only way to fight for an advantage.} (16. f4 f5 17. Ng1 {White can win the
h4-pawn but Black will get compensation after ...Nh7 (Nd7), ...Nf6, ...Nh5} Be6
18. Nf3 Nh7 19. Nxh4 Nf6 $44 20. Bc1 (20. Nf3 $6 Nh5 $15) 20... Bd5 21. Re5 Be4
22. Nf3 Qd7 23. Rxe8+ Rxe8 $44) 16... Rxe2 $8 (16... Qd8 $6 17. Qd2 Ne6 18.
Bxc7 Qxc7 19. Qh6 $16) 17. Bxd6 Rxc2 18. Bxc7 Rd2 $6 {It's not the best move.
Black could have played 18...Rxa2 or 18...Rxc3.} (18... Rxa2 19. Re8 Kg7 $8 20.
Bd6 Nd7 21. Bb1 (21. Rfe1 Nb6 22. Bf8+ Kg8 $8 (22... Kh7 23. Bc4 Be6 24. Rxa8
Nxa8 25. Bxe6 fxe6 26. Rxe6 $16) 23. Bb1 Ra1 24. Bb4+ Kg7 25. c4 Be6 26. Re7 a5
27. Bc3 Ra3 28. d5 Bc8 29. d6 Rxb3 30. Bd4 Nd7 31. c5 Rb4 32. Be3 Rb2 $1 33.
Rd1 $44 {[%eval 0,0] A human evaluation. I would prefer to have White.
According to my computer, the position which has arisen is equal} (33. Bd4 Rb4
34. Be3 $11)) 21... Ra1 22. c4 Nb6 23. Bf8+ Kg8 24. Ba3+ Kg7 25. Bb2 Ra5 26.
Re7 Rb8 27. Kg1 Be6 28. Re1 Kf8 29. Bc3 Kxe7 30. Bxa5 $44) (18... Rxc3 19. Bb1
Bf5 $1 {The point} (19... b6 $2 20. Re8 Bb7 21. Rxa8 Bxa8 22. Bf4 c5 23. Bd2
cxd4 24. Bxc3 dxc3 25. Rc1 $18) 20. Ba5 Bxb1 21. Bxc3 Bxa2 22. Ra1 (22. d5 cxd5
23. Re7 b6 24. Ra1 Bxb3 25. Raxa7 Rxa7 26. Rxa7 Kg7 27. Rb7 Bc4 28. Rxb6 Ne6
$11) 22... Bxb3 23. Rfb1 Bd5 24. Rxb7 g5 25. Raxa7 Re8 $14 {Black should make
a draw.}) 19. Re8 Kg7 20. Bd6 Ne6 (20... Rxd3 $2 21. Bxf8+ Kh7 22. Rfe1 Rxc3
23. R1e7 $18) (20... Nd7 21. Bb1 Nb6 22. Bf8+ Kh7 $8 23. Rfe1 Bf5 24. Rxa8 Nxa8
25. Bxf5 gxf5 26. Re7 $16) 21. Bb1 $5 (21. Bc4 $5 Rxa2 22. f4 $1 (22. b4 Rc2
23. Bxe6 fxe6 24. Re7+ Kg8 25. Rc7 Rxc3 26. Be7 Kf7 27. Bd6+ Kg8 28. Be7 Kf7
$11) 22... Ra5 23. d5 cxd5 24. b4 dxc4 25. bxa5 b6 26. a6) 21... Re2 22. Bd3
Rxa2 $6 (22... Rd2 $5 23. Bb1 b5 24. b4 Bb7 25. Re7 Bc8 26. Be4 a5 27. Bxc6 Ra6
$8 28. d5 Rxc6 29. dxc6 Rxd6 30. c4 bxc4 31. b5 Nd4 32. Re8 $14) 23. f4 Rd2 24.
f5 $1 $18 gxf5 $4 {After this mistake White wins easily.} ({He should have
tried} 24... Nc7 $8 25. Bxc7 Rxd3 26. fxg6 Rxc3 (26... fxg6 27. Re7+ Kh6 28.
Rxf6 Kg5 29. Rf8 $18) (26... Kxg6 $8) 27. Be5 $1 $18) 25. Bxf5 $18 b6 26. Bxe6
fxe6 27. Rf4 f5 28. Rxh4 1-0